000 00573nam a22001937a 4500
999 _c2593
_d2593
003 AR-CdUCM
008 190305b ||||| |||| 00| 0 spa d
040 _aMUNICIPALIDAD PROVINCIAL DEL CUSCO
_cBIBLIOTECA MUNICIPAL DEL CUSCO
082 _a869.56 /
_bR52
100 _aRibeyro, Julio Ramón
_9546
245 _aCambio de Guardia /
260 _aPerú :
_bMilla Batres ;
_c1976.
300 _a219 páginas
_c21cm
505 _aNovela
650 _aLiteratura contemporánea
_9759
650 _aLiteratura latinoamericana
_96194
942 _2ddc
_cLIBROS
945 _anom